000 00469 a2200169 4500
020 _a0139325751 (pbk.)
020 _a155851161X
035 _a5941806
040 _aDLC
_bDLC
100 1 0 _aDay, Michael
245 1 0 _aTroubleshooting LAN manager 2
_cMichael Day.
260 _aRedwood, City, CA
_b: M&T Books
_c, c1991.
300 _a337 p.
_b: ill.
_c; 24 cm.
500 _aIncludes index.
740 0 1 _aTroubleshooting LAN manager two.
942 _cBK
_k005.4469 DAY
_2ddc
999 _c6469
_d6469